[Event "4NCL/Div3/FCA2 vs. AMCAD"]
[Site "Daventry ENG"]
[Date "2009.05.04"]
[Round "11.6"]
[White "Lyne, Colin J"]
[Black "Shaw, John S"]
[Result "1/2-1/2"]
[WhiteElo "1965"]
[BlackElo "1895"]
[PlyCount "54"]
[EventDate "2009.05.04"]
[EventCountry "ENG"]
[SourceDate "2008.10.04"]

1. e4 c5 2. Nf3 Nc6 3. d4 cxd4 4. Nxd4 Nf6 5. Nc3 e5 6. Ndb5 d6 7. Bg5 a6 8.
Na3 b5 9. Bxf6 gxf6 10. Nd5 Bg7 11. Bd3 Be6 12. O-O O-O 13. Qh5 Ne7 14. c4 bxc4
15. Nxc4 Bxd5 16. exd5 h6 17. Rfd1 Rb8 18. Qf3 Qd7 19. b3 f5 20. Qh3 Rfd8 21.
Rab1 e4 22. Bc2 Ng6 23. Qe3 Re8 24. f4 Ne7 25. a4 Rec8 26. Rd2 Rc5 27. Rbd1 a5
1/2-1/2

[Event "4NCL/Div3/OXF2 vs. WRO2"]
[Site "Daventry ENG"]
[Date "2009.05.04"]
[Round "11.1"]
[White "Hackett, David G"]
[Black "Arnott, Jonathan W"]
[Result "0-1"]
[WhiteElo "2148"]
[BlackElo "2119"]
[PlyCount "112"]
[EventDate "2009.05.04"]
[EventCountry "ENG"]
[SourceDate "2008.10.04"]

1. e4 e6 2. d4 d5 3. e5 c5 4. c3 Qb6 5. Nf3 Bd7 6. Bd3 Bb5 7. O-O Bxd3 8. Qxd3
cxd4 9. Nxd4 Nc6 10. Nxc6 bxc6 11. Be3 Bc5 12. Bxc5 Qxc5 13. Nd2 Ne7 14. b4 Qb5
15. c4 dxc4 16. Nxc4 O-O 17. Qb3 Nd5 18. Rab1 Rab8 19. a3 c5 20. Nd6 Qb6 21. b5
a6 22. a4 axb5 23. axb5 Nc7 24. Qc2 f6 25. Nc4 Qb7 26. exf6 Rxf6 27. Nd6 Qb6
28. Ne4 Rf5 29. Rfd1 Nd5 30. Qc4 Rf4 31. Re1 Rc8 32. g3 Rf5 33. Ra1 Nc7 34.
Rab1 Rd5 35. Nc3 Rd4 36. Qe2 Rcd8 37. Rb2 Rb4 38. Rd2 Rxd2 39. Qxd2 Rd4 40. Qe2
Rb4 41. Ra1 Rd4 42. Qe5 h6 43. Na4 Qxb5 44. Nxc5 Rd5 45. Ra8+ Kh7 46. Qxc7 Rd1+
47. Kg2 Qf1+ 48. Kf3 Qh1+ 49. Kg4 Qxa8 50. Nxe6 Qe4+ 51. Nf4 h5+ 52. Kg5 Rd5+
53. Kh4 Qf5 54. f3 Rd7 55. g4 g5+ 56. Kh3 gxf4 0-1

[Event "4NCL/Div3/OXF2 vs. WRO2"]
[Site "Daventry ENG"]
[Date "2009.05.04"]
[Round "11.2"]
[White "Shaw, Peter"]
[Black "Stembridge, Ed"]
[Result "1/2-1/2"]
[WhiteElo "2126"]
[BlackElo "2063"]
[PlyCount "68"]
[EventDate "2009.05.04"]
[EventCountry "ENG"]
[SourceDate "2008.10.04"]

1. d4 Nf6 2. c4 e6 3. Nc3 Bb4 4. Qc2 d5 5. a3 Be7 6. Bg5 h6 7. Bh4 b6 8. e3 Bb7
9. Nf3 O-O 10. Rc1 c5 11. Be2 cxd4 12. Nxd4 Nc6 13. Nxc6 Bxc6 14. O-O dxc4 15.
Bxc4 Qd7 16. Ba2 Qb7 17. f3 Rac8 18. Bb1 g6 19. Qf2 b5 20. b4 Qb6 21. Qe2 a5
22. Kh1 axb4 23. axb4 g5 24. Bf2 Bxb4 25. e4 Qa5 26. e5 Bxc3 27. exf6 b4 28.
Qd3 Qf5 29. Qxc3 bxc3 30. Bxf5 exf5 31. Rxc3 Bd5 32. Rfc1 Be6 33. Rxc8 Rxc8 34.
Rxc8+ Bxc8 1/2-1/2

[Event "4NCL/Div3/OXF2 vs. WRO2"]
[Site "Daventry ENG"]
[Date "2009.05.04"]
[Round "11.3"]
[White "Burt, Will"]
[Black "Lewyk, Ihor"]
[Result "1-0"]
[WhiteElo "2050"]
[BlackElo "2152"]
[PlyCount "55"]
[EventDate "2009.05.04"]
[EventCountry "ENG"]
[SourceDate "2008.10.04"]

1. e4 d5 2. exd5 Qxd5 3. Nc3 Qa5 4. Bc4 Nf6 5. d4 c6 6. Bd2 Bf5 7. Nf3 Nbd7 8.
Qe2 Qc7 9. O-O-O Nb6 10. Bb3 Nbd5 11. Ne5 Be6 12. Nxd5 Bxd5 13. c4 Bxg2 14.
Rhe1 Be4 15. Bf4 Qc8 16. d5 Qf5 17. Bg3 g6 18. Qd2 Nh5 19. Rxe4 Nxg3 20. dxc6
Bh6 21. Qxh6 Qxe4 22. hxg3 bxc6 23. Qg7 Rf8 24. Ba4 Rc8 25. Rd8+ Kxd8 26. Qxf8+
Kc7 27. Qxe7+ Kb6 28. Nd7+ 1-0

[Event "4NCL/Div3/OXF2 vs. WRO2"]
[Site "Daventry ENG"]
[Date "2009.05.04"]
[Round "11.4"]
[White "Faulkes, Nick"]
[Black "Hadi, Justin"]
[Result "0-1"]
[WhiteElo "2085"]
[BlackElo "2015"]
[PlyCount "60"]
[EventDate "2009.05.04"]
[EventCountry "ENG"]
[SourceDate "2008.10.04"]

1. e4 b6 2. d4 Bb7 3. Bd3 e6 4. Nf3 d6 5. c4 Ne7 6. Nc3 g6 7. d5 e5 8. Bg5 Bg7
9. Qd2 h6 10. Bh4 Nd7 11. Bc2 a6 12. Rc1 Bc8 13. a3 Nf8 14. b4 Nh7 15. c5 g5
16. Bg3 Ng6 17. O-O h5 18. h3 g4 19. hxg4 hxg4 20. Nh2 Nf6 21. Qe2 Bh6 22. Rce1
Bf4 23. Qd3 Nh5 24. Bd1 Qg5 25. cxd6 cxd6 26. Bxf4 Ngxf4 27. Qe3 Qh4 28. g3
Qxh2+ 29. Kxh2 Nxg3+ 30. Kg1 Rh1# 0-1

[Event "4NCL/Div3/OXF2 vs. WRO2"]
[Site "Daventry ENG"]
[Date "2009.05.04"]
[Round "11.5"]
[White "Duggan, Chris"]
[Black "Webb, Matthew"]
[Result "1/2-1/2"]
[WhiteElo "2044"]
[BlackElo "2035"]
[PlyCount "125"]
[EventDate "2009.05.04"]
[EventCountry "ENG"]
[SourceDate "2008.10.04"]

1. e4 g6 2. d4 d6 3. Nf3 Bg7 4. Bd3 a6 5. O-O Bg4 6. c3 Nd7 7. Nbd2 e5 8. h3
Bxf3 9. Nxf3 Ne7 10. Qb3 O-O 11. Be3 Rb8 12. a4 h6 13. Rad1 g5 14. dxe5 Nxe5
15. Nxe5 Bxe5 16. f4 gxf4 17. Bxf4 Bg7 18. e5 d5 19. Qc2 Qd7 20. c4 Rbd8 21.
cxd5 Nxd5 22. Qc4 Qe6 23. Qe4 Qg6 24. Qe2 Qb6+ 25. Kh1 Rfe8 26. Bc4 Nxf4 27.
Rxf4 Rxd1+ 28. Qxd1 Rf8 29. Qd5 c6 30. Qe4 Qc7 31. Bd3 Re8 32. Qh7+ Kf8 33. Bc4
Re7 34. Qf5 Bxe5 35. Rf2 Bg7 36. g4 Re1+ 37. Kg2 Re7 38. h4 Qd7 39. Qf4 b5 40.
Rd2 Qc7 41. Qxc7 Rxc7 42. Bb3 Bf6 43. Kg3 Re7 44. Bd1 b4 45. Bf3 c5 46. Rd8+
Kg7 47. Rc8 Bxb2 48. Rxc5 Be5+ 49. Kg2 b3 50. Rc6 Rc7 51. Rxc7 Bxc7 52. Be4 Kf6
53. Kf3 Ke5 54. Ke3 b2 55. Bc2 Kd5 56. Kd3 Bd8 57. Bb3+ Kc5 58. Kc2 Bf6 59.
Bxf7 Kb4 60. g5 hxg5 61. hxg5 Bg7 62. Be8 Ka3 63. Kb1 1/2-1/2

[Event "4NCL/Div3/OXF2 vs. WRO2"]
[Site "Daventry ENG"]
[Date "2009.05.04"]
[Round "11.6"]
[White "Whitaker, Thomas R"]
[Black "Ludbrook, Matt"]
[Result "1-0"]
[WhiteElo "1995"]
[BlackElo "2020"]
[PlyCount "119"]
[EventDate "2009.05.04"]
[EventCountry "ENG"]
[SourceDate "2008.10.04"]

1. e4 e6 2. d4 d5 3. Nc3 Bb4 4. Qd3 dxe4 5. Qxe4 Nf6 6. Qh4 Nc6 7. Nf3 Ne7 8.
Bd3 Nf5 9. Bxf5 exf5 10. Bg5 Be7 11. O-O-O O-O 12. Ne5 c6 13. f4 Nd5 14. Bxe7
Qxe7 15. Qxe7 Nxe7 16. Na4 b6 17. b3 Rd8 18. c4 Bb7 19. Rd2 f6 20. Nf3 Rd7 21.
Rhd1 Rad8 22. Nc3 Kf7 23. Ne1 h6 24. Nc2 g6 25. Ne3 Ke6 26. a4 a5 27. Nc2 Ba6
28. Kb2 Rd6 29. Re2+ Kf7 30. Rde1 R8d7 31. Re3 Kf8 32. Ne2 Kf7 33. Kc3 Kf8 34.
b4 axb4+ 35. Nxb4 Bc8 36. Nc1 Ra7 37. Nb3 Kf7 38. c5 bxc5 39. dxc5 Re6 40. Rxe6
Bxe6 41. Ra1 Bd5 42. g3 g5 43. a5 Bf3 44. Nd4 Be4 45. a6 Ke8 46. Ne2 Kd7 47.
Kd4 Bf3 48. Nc3 Ke6 49. Re1+ Kd7 50. Kc4 Ng6 51. Rf1 g4 52. Rf2 Ne7 53. Rd2+
Ke8 54. Rd6 Kf7 55. Kb3 Rc7 56. Ka4 Nc8 57. Rd8 Bg2 58. Ka5 Na7 59. Kb6 Re7 60.
Ra8 1-0

[Event "4NCL/Div3/LIT1 vs. KJCAK"]
[Site "Daventry ENG"]
[Date "2009.05.04"]
[Round "11.1"]
[White "Gormally, Daniel W"]
[Black "Bayliss, Lyall C P"]
[Result "1-0"]
[WhiteElo "2487"]
[BlackElo "1971"]
[PlyCount "61"]
[EventDate "2009.05.04"]
[EventCountry "ENG"]
[SourceDate "2008.10.04"]

1. e4 e5 2. Nf3 Nc6 3. Bb5 a6 4. Ba4 Nf6 5. O-O Be7 6. Re1 b5 7. Bb3 O-O 8. a4
Bb7 9. d3 d6 10. Nbd2 Qd7 11. Nf1 Rfe8 12. Ng3 Nd8 13. c3 Bf8 14. Bg5 Kh8 15.
Bxf6 gxf6 16. Nh5 Be7 17. Nh4 Rg8 18. Qf3 Qg4 19. Qxg4 Rxg4 20. Nf5 Rg5 21.
Nxe7 Rxh5 22. axb5 a5 23. Nd5 Bxd5 24. Bxd5 Ra7 25. b4 a4 26. Ra3 Ne6 27. g3
Rg5 28. Kf1 Rg8 29. Rea1 Rb8 30. c4 c5 31. Bxe6 1-0

[Event "4NCL/Div3/LIT1 vs. KJCAK"]
[Site "Daventry ENG"]
[Date "2009.05.04"]
[Round "11.2"]
[White "Jones, William"]
[Black "Sugden, John N"]
[Result "1-0"]
[WhiteElo "2025"]
[BlackElo "2227"]
[PlyCount "109"]
[EventDate "2009.05.04"]
[EventCountry "ENG"]
[SourceDate "2008.10.04"]

1. e4 c5 2. Nf3 d6 3. d4 cxd4 4. Nxd4 Nf6 5. Nc3 a6 6. Be3 e5 7. Nb3 Be6 8. f3
Nbd7 9. g4 Nb6 10. g5 Nh5 11. Qd2 Rc8 12. O-O-O Be7 13. Rg1 Qc7 14. Kb1 O-O 15.
h4 Nc4 16. Bxc4 Qxc4 17. Rg2 g6 18. Nd5 Bxd5 19. Qxd5 Qxd5 20. Rxd5 f5 21. gxf6
Nxf6 22. Rd3 Nh5 23. Bg5 Nf4 24. Bxf4 Rxf4 25. h5 g5 26. Na5 Rcf8 27. Nxb7 Rxf3
28. Rxf3 Rxf3 29. b4 Rf4 30. Rd2 Rxe4 31. c3 Rc4 32. Kb2 Rc6 33. Kb3 Kf7 34. a4
Ke6 35. c4 Rc8 36. b5 axb5 37. cxb5 Rb8 38. Na5 d5 39. Nc6 Rb7 40. Nxe7 Rxe7
41. a5 Kd6 42. Kb4 e4 43. b6 e3 44. Re2 Kc6 45. Rc2+ Kb7 46. Kb5 e2 47. a6+ Kb8
48. a7+ Kb7 49. Rc8 Kxc8 50. a8=Q+ Kd7 51. b7 Ke6 52. Qg8+ Kf6 53. Qf8+ Ke6 54.
b8=Q e1=Q 55. Qb6+ 1-0

[Event "4NCL/Div3/LIT1 vs. KJCAK"]
[Site "Daventry ENG"]
[Date "2009.05.04"]
[Round "11.3"]
[White "Jackson, James P"]
[Black "Jones, Victor"]
[Result "1/2-1/2"]
[WhiteElo "2106"]
[BlackElo "2005"]
[PlyCount "132"]
[EventDate "2009.05.04"]
[EventCountry "ENG"]
[SourceDate "2008.10.04"]

1. e4 c5 2. Nf3 d6 3. d4 cxd4 4. Nxd4 Nf6 5. Nc3 a6 6. Bc4 e6 7. Bb3 Nbd7 8. f4
Nc5 9. e5 Nfd7 10. exd6 Nf6 11. Be3 Bxd6 12. Qd2 Nfe4 13. Nxe4 Nxe4 14. Qd3 Nc5
15. Qd2 Ne4 16. Qd3 Qa5+ 17. c3 Nc5 18. Qd2 Nxb3 19. Nxb3 Qc7 20. Rd1 Be7 21.
O-O O-O 22. Qf2 b5 23. Bc5 Bb7 24. Bxe7 Qxe7 25. Qc5 Qf6 26. Nd4 Rfc8 27. Qd6
Rd8 28. Qb6 Bd5 29. a3 Qg6 30. Nf3 h6 31. Qf2 Rd6 32. Rd4 f6 33. Rfd1 Rad8 34.
h3 Qe8 35. Qd2 Qc6 36. Qe3 Kf7 37. Ne1 Qb6 38. Kh2 Bb3 39. R1d2 a5 40. Qg1 Rxd4
41. Rxd4 Rxd4 42. Qxd4 Qxd4 43. cxd4 Ke7 44. Kg3 Kd6 45. Kf2 Kd5 46. Ke3 Bc4
47. h4 h5 48. Nf3 Bb3 49. g3 Bc2 50. Nd2 a4 51. Nf3 b4 52. axb4 Kc4 53. Nd2+
Kxb4 54. Kf3 Bb3 55. Ke3 Bd5 56. Kd3 f5 57. Ke2 a3 58. bxa3+ Kxa3 59. Kd3 Kb4
60. Kc2 Be4+ 61. Kb2 Bd3 62. Nf3 Kc4 63. Ng5 Kd5 64. Kc3 Ba6 65. Kd2 Bc4 66.
Ke3 Bb5 1/2-1/2

[Event "4NCL/Div3/LIT1 vs. KJCAK"]
[Site "Daventry ENG"]
[Date "2009.05.04"]
[Round "11.4"]
[White "Lunn, Matt"]
[Black "Byron, Alan M"]
[Result "1/2-1/2"]
[WhiteElo "1912"]
[BlackElo "2168"]
[PlyCount "76"]
[EventDate "2009.05.04"]
[EventCountry "ENG"]
[SourceDate "2008.10.04"]

1. d4 d5 2. c4 c6 3. Nc3 Nf6 4. Nf3 a6 5. a4 Bf5 6. Bg5 e6 7. e3 Qa5 8. Bxf6
gxf6 9. Bd3 dxc4 10. Bxf5 Qxf5 11. e4 Qg4 12. g3 Bb4 13. Nd2 Qxd1+ 14. Kxd1
Bxc3 15. bxc3 b5 16. Kc2 Ke7 17. f4 Nd7 18. Nf3 Nb6 19. a5 Nd7 20. Rhd1 Rhd8
21. Rab1 Rac8 22. h3 h5 23. g4 hxg4 24. hxg4 c5 25. d5 Nf8 26. f5 exd5 27. exd5
Rd6 28. Re1+ Kd7 29. g5 Re8 30. Rxe8 Kxe8 31. Re1+ Kd8 32. Rd1 Kd7 33. Kb2 Kd8
34. Kc2 fxg5 35. Nxg5 Rf6 36. Ne4 Rxf5 37. Nxc5 Rf2+ 38. Rd2 Rf6 1/2-1/2

[Event "4NCL/Div3/LIT1 vs. KJCAK"]
[Site "Daventry ENG"]
[Date "2009.05.04"]
[Round "11.5"]
[White "Compton, Alistair"]
[Black "Gahir, Jasdeep"]
[Result "1/2-1/2"]
[WhiteElo "2097"]
[BlackElo "1872"]
[PlyCount "80"]
[EventDate "2009.05.04"]
[EventCountry "ENG"]
[SourceDate "2008.10.04"]

1. e4 c5 2. Nc3 Nc6 3. Bb5 Nd4 4. Bc4 e6 5. Nge2 Nf6 6. O-O a6 7. d3 b5 8. Bb3
Nc6 9. Bg5 Be7 10. f4 d6 11. Ng3 h6 12. Bxf6 Bxf6 13. f5 Qe7 14. Nh5 Be5 15.
fxe6 fxe6 16. Nf4 Bd4+ 17. Kh1 Ne5 18. Qh5+ Kd8 19. Ng6 Nxg6 20. Qxg6 Bf6 21.
a4 b4 22. Nd1 a5 23. c3 Ba6 24. Rf3 Rb8 25. Rb1 bxc3 26. bxc3 Kd7 27. e5 dxe5
28. Nf2 Rhf8 29. Ng4 Kc7 30. Rff1 Rbd8 31. Rfd1 Rd6 32. Qe4 Bb7 33. Qe3 Kc6 34.
Bc4 Rdd8 35. Nxe5+ Bxe5 36. Qxe5 Bc8 37. Qb8 Bb7 38. Bb5+ Kd5 39. Qg3 e5 40.
Re1 Rf5 1/2-1/2

[Event "4NCL/Div3/LIT1 vs. KJCAK"]
[Site "Daventry ENG"]
[Date "2009.05.04"]
[Round "11.6"]
[White "Maguire, Robert"]
[Black "Mansson, James C"]
[Result "0-1"]
[WhiteElo "1702"]
[BlackElo "2150"]
[PlyCount "56"]
[EventDate "2009.05.04"]
[EventCountry "ENG"]
[SourceDate "2008.10.04"]

1. e4 c5 2. Nf3 d6 3. d4 cxd4 4. Nxd4 Nf6 5. Nc3 a6 6. Be3 e5 7. Nb3 Be6 8. f3
Nbd7 9. g4 Be7 10. g5 Nh5 11. Qd2 Nb6 12. O-O-O Rc8 13. Kb1 O-O 14. Rg1 Qc7 15.
h4 g6 16. Be2 Rfd8 17. f4 exf4 18. Bxf4 Nxf4 19. Qxf4 Nc4 20. Rg3 Ne5 21. Nd4
b5 22. Nxe6 fxe6 23. Rc1 Rf8 24. Qe3 Rf7 25. h5 Bf8 26. hxg6 hxg6 27. Nd1 d5
28. Nf2 Bc5 0-1

[Event "4NCL/Div3/HACK vs. PPA2"]
[Site "Daventry ENG"]
[Date "2009.05.04"]
[Round "11.1"]
[White "Reid, John"]
[Black "Winfridsson, Ola"]
[Result "1/2-1/2"]
[WhiteElo "2230"]
[BlackElo "2122"]
[PlyCount "89"]
[EventDate "2009.05.04"]
[EventCountry "ENG"]
[SourceDate "2008.10.04"]

1. e4 c6 2. Nc3 d5 3. Nf3 Bg4 4. h3 Bxf3 5. Qxf3 dxe4 6. Nxe4 Nd7 7. d4 Ngf6 8.
c3 e6 9. Be2 Nxe4 10. Qxe4 Nf6 11. Qf3 Qc7 12. O-O Be7 13. b4 O-O 14. a4 e5 15.
dxe5 Qxe5 16. Bf4 Qe4 17. Rfe1 Rfe8 18. b5 Bc5 19. bxc6 bxc6 20. Qg3 Nd5 21.
Bd2 Qc2 22. Qd3 Qxd3 23. Bxd3 Rxe1+ 24. Rxe1 Rd8 25. Rd1 g6 26. Kf1 Rb8 27. Rb1
Rxb1+ 28. Bxb1 Nb6 29. Bc2 Kg7 30. Ke2 Nc4 31. Be1 f5 32. Bb3 Nb6 33. Kd3 Nd7
34. Kc4 Bb6 35. Bc2 Ne5+ 36. Kb4 a5+ 37. Kb3 c5 38. c4 Nc6 39. Bc3+ Nd4+ 40.
Kb2 Kf7 41. Bd1 Ke6 42. Kc1 Bc7 43. Kd2 Bf4+ 44. Kd3 Nc6 45. Bf3 1/2-1/2

[Event "4NCL/Div3/HACK vs. PPA2"]
[Site "Daventry ENG"]
[Date "2009.05.04"]
[Round "11.2"]
[White "Kemp, Paul R"]
[Black "Chin, Francis"]
[Result "1/2-1/2"]
[WhiteElo "2102"]
[BlackElo "2235"]
[PlyCount "49"]
[EventDate "2009.05.04"]
[EventCountry "ENG"]
[SourceDate "2008.10.04"]

1. e4 e6 2. d4 d5 3. exd5 exd5 4. Bd3 Nc6 5. c3 Bd6 6. Qf3 Nf6 7. h3 Be6 8. Bg5
h6 9. Bxf6 Qxf6 10. Qxf6 gxf6 11. Ne2 O-O-O 12. Nd2 Rdg8 13. g3 h5 14. Nf3 Ne7
15. Nh4 Kd7 16. f4 f5 17. Kf2 c5 18. dxc5 Bxc5+ 19. Nd4 Ng6 20. Rhg1 a6 21. Kf3
Bxd4 22. cxd4 Ne7 23. Rad1 Rc8 24. Ke3 f6 25. Rc1 1/2-1/2

[Event "4NCL/Div3/HACK vs. PPA2"]
[Site "Daventry ENG"]
[Date "2009.05.04"]
[Round "11.3"]
[White "Tasker, Michael W"]
[Black "Doci, Stefan"]
[Result "1/2-1/2"]
[WhiteElo "2080"]
[BlackElo "2064"]
[PlyCount "84"]
[EventDate "2009.05.04"]
[EventCountry "ENG"]
[SourceDate "2008.10.04"]

1. Nf3 Nf6 2. c4 g6 3. Nc3 d5 4. Qa4+ Nc6 5. cxd5 Nxd5 6. Nxd5 Qxd5 7. e4 Qa5
8. Qxa5 Nxa5 9. d4 Bg7 10. Bb5+ Bd7 11. Bxd7+ Kxd7 12. O-O Rhd8 13. Bd2 Nc4 14.
Bc3 Ke8 15. Rfe1 Rd7 16. Rac1 Nd6 17. a4 e6 18. b3 Kf8 19. Bd2 c6 20. Bf4 Ne8
21. Rcd1 Rad8 22. Bg5 Bf6 23. Bh6+ Kg8 24. e5 Be7 25. Kf1 Nc7 26. Ke2 Nd5 27.
Bd2 Kg7 28. Kf1 h6 29. Rc1 Bb4 30. Bxb4 Nxb4 31. Ke2 Nd5 32. g3 Ne7 33. Rc4 Nd5
34. Kf1 g5 35. h3 Kg6 36. a5 a6 37. Re4 Kf5 38. Re1 h5 39. Nd2 Nc7 40. Ne4 Nb5
41. Nc5 Rc7 42. Rd1 Rd5 1/2-1/2

[Event "4NCL/Div3/HACK vs. PPA2"]
[Site "Daventry ENG"]
[Date "2009.05.04"]
[Round "11.4"]
[White "McCorry, Robert T"]
[Black "Lee, Martin"]
[Result "1-0"]
[WhiteElo "2045"]
[BlackElo "2050"]
[PlyCount "67"]
[EventDate "2009.05.04"]
[EventCountry "ENG"]
[SourceDate "2008.10.04"]

1. c4 g6 2. Nc3 Bg7 3. g3 Nf6 4. Bg2 O-O 5. d4 d6 6. Nf3 Nbd7 7. O-O c6 8. e4
e5 9. Qc2 Re8 10. Re1 Qb6 11. d5 c5 12. a3 a6 13. Rb1 Qc7 14. b4 cxb4 15. Rxb4
Nc5 16. Be3 Ng4 17. Bxc5 dxc5 18. Rb2 f5 19. Nd2 f4 20. Na4 Qf7 21. Nf3 fxg3
22. hxg3 Qf8 23. Nb6 Rb8 24. Nxc8 Rexc8 25. Rb6 Rd8 26. Ng5 Rd6 27. Ne6 Qe7 28.
Reb1 Rxb6 29. Rxb6 Bh6 30. Bh3 Nf6 31. Qb2 Nd7 32. Rxb7 Rxb7 33. Qxb7 Qd6 34.
Qc6 1-0

[Event "4NCL/Div3/HACK vs. PPA2"]
[Site "Daventry ENG"]
[Date "2009.05.04"]
[Round "11.5"]
[White "Lee, Edward"]
[Black "Stewart, Ashley"]
[Result "1/2-1/2"]
[WhiteElo "2040"]
[BlackElo "1960"]
[Annotator ",MalcolmArmstrong"]
[PlyCount "155"]
[EventDate "2009.05.04"]
[EventCountry "ENG"]
[SourceDate "2008.10.04"]

1. e4 c5 2. Nf3 e6 3. b3 Nc6 4. Bb2 Nf6 5. Nc3 d6 6. d4 cxd4 7. Nxd4 Be7 8. Be2
a6 9. a4 Qb6 10. Nxc6 bxc6 11. O-O O-O 12. Bf3 e5 13. a5 Qc7 14. Qe2 Be6 15.
Ba3 Nd7 16. Rfd1 c5 17. Bb2 Nb8 18. Nd5 Bxd5 19. exd5 Nd7 20. Qc4 f5 21. Bc3
Bf6 22. Be2 e4 23. Bxf6 Rxf6 24. b4 Qa7 25. b5 axb5 26. Qxb5 Rb8 27. Qa6 Ra8
28. Qxa7 Rxa7 29. Rdb1 Rf8 30. Bb5 Kf7 31. Bc6 Kf6 32. Rb7 Rxb7 33. Bxb7 Ke5
34. Rb1 Nb8 35. c4 f4 36. a6 Nxa6 37. Bxa6 e3 38. Kf1 g5 39. Ke2 Kd4 40. Rd1+
Ke4 41. Ra1 g4 42. f3+ gxf3+ 43. gxf3+ Kd4 44. Rd1+ Kc3 45. Rc1+ Kb2 46. Rg1
Kc3 47. Rg4 Kd4 48. h4 Ke5 49. Rg7 Ra8 50. Re7+ Kf5 51. Bb5 Ra2+ 52. Kd3 Rd2+
53. Kc3 Rf2 54. Bd7+ Kf6 55. Re6+ Kf7 56. Be8+ Kf8 57. Bh5 Rf1 58. Kd3 Rd1+ 59.
Ke2 Rd2+ 60. Ke1 Rd4 61. Rxd6 Rxc4 62. Rd7 Rd4 63. Rf7+ Kg8 64. Rc7 c4 65. Bg4
h6 66. Be6+ Kf8 67. d6 Rxd6 68. Rf7+ Ke8 69. Bxc4 Rd4 70. Rc7 Kd8 71. Rc5 Ke7
72. Bb5 Rb4 73. Bd3 Ra4 74. Kf1 Ra1+ 75. Kg2 Ra2+ 76. Kh3 Rd2 77. Bb5 Kf6 78.
Kg4 {remaining moves not recorded} 1/2-1/2

[Event "4NCL/Div3/HACK vs. PPA2"]
[Site "Daventry ENG"]
[Date "2009.05.04"]
[Round "11.6"]
[White "Judkins, Brian"]
[Black "Rivlin, Mark"]
[Result "1-0"]
[WhiteElo "1895"]
[BlackElo "1795"]
[PlyCount "55"]
[EventDate "2009.05.04"]
[EventCountry "ENG"]
[SourceDate "2008.10.04"]

1. e4 e5 2. Nf3 Nc6 3. d4 exd4 4. c3 Be7 5. cxd4 d6 6. Nc3 Nf6 7. h3 O-O 8. Be3
Bd7 9. Rc1 h6 10. Bd3 Nh7 11. O-O Ng5 12. Nxg5 Bxg5 13. f4 Bh4 14. Qf3 Nb4 15.
Bc4 a6 16. a3 b5 17. Bxf7+ Rxf7 18. axb4 c6 19. d5 Rc8 20. dxc6 Bxc6 21. Rfd1
Qe7 22. Nd5 Qb7 23. Qg4 Be7 24. Bd4 Rcf8 25. Rxc6 Qxc6 26. Bxg7 Bg5 27. Bxf8
Qc2 28. Bxh6 1-0

[Event "4NCL/Div3/AMCAR vs. CAMB2"]
[Site "Daventry ENG"]
[Date "2009.05.04"]
[Round "11.1"]
[White "Sparkes, Daniel A"]
[Black "Chan, Nevil"]
[Result "1/2-1/2"]
[WhiteElo "2000"]
[BlackElo "2095"]
[PlyCount "42"]
[EventDate "2009.05.04"]
[EventCountry "ENG"]
[SourceDate "2008.10.04"]

1. e4 Nc6 2. d4 e5 3. d5 Nce7 4. Nf3 Ng6 5. h4 h5 6. Bg5 Nf6 7. Nbd2 Be7 8. Bd3
d6 9. g3 Ng4 10. Qe2 c6 11. c4 Bd7 12. Nf1 Qc8 13. N3d2 Bd8 14. Bxd8 Qxd8 15.
f3 Nh6 16. Ne3 c5 17. O-O-O Qe7 18. Nb1 O-O-O 19. Nc3 Rdf8 20. Nf5 Qf6 21. Ne3
Qe7 1/2-1/2

[Event "4NCL/Div3/AMCAR vs. CAMB2"]
[Site "Daventry ENG"]
[Date "2009.05.04"]
[Round "11.2"]
[White "Spencer, Carl"]
[Black "Upham, John E"]
[Result "1-0"]
[WhiteElo "2136"]
[BlackElo "1800"]
[PlyCount "67"]
[EventDate "2009.05.04"]
[EventCountry "ENG"]
[SourceDate "2008.10.04"]

1. e4 c6 2. d4 d5 3. Nc3 dxe4 4. Nxe4 Bf5 5. Ng3 Bg6 6. Nf3 Nd7 7. h4 h6 8. h5
Bh7 9. Bd3 Bxd3 10. Qxd3 e6 11. Bf4 Qa5+ 12. Bd2 Bb4 13. Qb3 Bxd2+ 14. Nxd2
Ngf6 15. O-O-O O-O 16. Kb1 b5 17. Nge4 Qc7 18. Qf3 e5 19. Nxf6+ Nxf6 20. Qg3
Nd7 21. Nf3 f6 22. Nh4 Rf7 23. Nf5 Kh8 24. d5 cxd5 25. Rxd5 Rc8 26. Rd2 Rb8 27.
Nd6 Rff8 28. Rhd1 Nc5 29. Qc3 Qb6 30. Rd5 Na4 31. Qg3 a6 32. Nf5 Rg8 33. Qg6
Rbd8 34. Rxd8 1-0

[Event "4NCL/Div3/AMCAR vs. CAMB2"]
[Site "Daventry ENG"]
[Date "2009.05.04"]
[Round "11.3"]
[White "Malhotra, Tarun"]
[Black "Cooley, Oliver"]
[Result "0-1"]
[WhiteElo "1730"]
[BlackElo "2134"]
[PlyCount "122"]
[EventDate "2009.05.04"]
[EventCountry "ENG"]
[SourceDate "2008.10.04"]

1. d4 Nf6 2. c4 g6 3. Nc3 Bg7 4. e4 d6 5. f3 O-O 6. Bg5 h6 7. Be3 e5 8. d5 Nh5
9. Qd2 Kh7 10. g4 Nf4 11. Nge2 f5 12. gxf5 gxf5 13. O-O-O Na6 14. a3 Nc5 15.
Bxc5 dxc5 16. Nxf4 exf4 17. Rg1 Bd4 18. Rh1 Be3 19. e5 c6 20. Rg1 cxd5 21. Nxd5
Bxg1 22. Qe1 Qg5 23. Nf6+ Rxf6 24. exf6 Be3+ 25. Kb1 Qxf6 26. Bh3 Be6 27. Qa5
b6 28. Qa6 Rd8 29. Qxa7+ Kg6 30. Rxd8 Qxd8 31. Qa4 Qd3+ 32. Ka1 Qxc4 33. Qxc4
Bxc4 34. Bg2 Kg5 35. Bh3 Bd3 36. Ka2 Kh4 37. Bg2 Bg1 38. Kb3 Bxh2 39. Kc3 Ba6
40. b4 cxb4+ 41. axb4 Bg1 42. Kd2 Kg3 43. Bh1 Kh2 44. b5 Bxb5 45. Kc3 Bc5 46.
Kb2 Kxh1 47. Kc3 Kg2 48. Kd2 Bb4+ 49. Kc2 Kxf3 50. Kb3 Be1 51. Kc2 Ke2 52. Kb2
Kd3 53. Kc1 Kc3 54. Kd1 Bf2 55. Kc1 Ba4 56. Kb1 Bc2+ 57. Ka1 Bd3 58. Ka2 Bc5
59. Ka1 Kc2 60. Ka2 Bc4+ 61. Ka1 Bd4# 0-1

[Event "4NCL/Div3/AMCAR vs. CAMB2"]
[Site "Daventry ENG"]
[Date "2009.05.04"]
[Round "11.4"]
[White "Lee, Richard"]
[Black "Marley, Andrew"]
[Result "1-0"]
[WhiteElo "1985"]
[BlackElo "1805"]
[PlyCount "83"]
[EventDate "2009.05.04"]
[EventCountry "ENG"]
[SourceDate "2008.10.04"]

1. c4 Nf6 2. Nc3 g6 3. d4 Bg7 4. e4 d6 5. Be2 O-O 6. Nf3 e5 7. O-O Nc6 8. d5
Ne7 9. Ne1 a5 10. Be3 Ne8 11. f3 f5 12. g4 Nf6 13. Nd3 Bd7 14. c5 Qc8 15. cxd6
cxd6 16. Rc1 Qe8 17. a4 Rf7 18. Nf2 f4 19. Bd2 Nc8 20. Bb5 Na7 21. Bxd7 Nxd7
22. Nd3 Qd8 23. Be1 Bf6 24. Bf2 b6 25. b4 Bh4 26. Bxh4 Qxh4 27. bxa5 bxa5 28.
Nb5 Nxb5 29. axb5 Qd8 30. Qb3 Nb6 31. Rc6 Raa7 32. Rfc1 h5 33. Qa3 Rfd7 34. Nb2
hxg4 35. fxg4 Kg7 36. h3 Kf7 37. Kg2 Ke7 38. Kf3 Rdc7 39. Kg2 Qd7 40. R1c3 Rcb7
41. Nd3 Qd8 42. Nxe5 1-0

[Event "4NCL/Div3/AMCAR vs. CAMB2"]
[Site "Daventry ENG"]
[Date "2009.05.04"]
[Round "11.5"]
[White "Ward, Matthew J"]
[Black "Gooding, Ian"]
[Result "1/2-1/2"]
[WhiteElo "1760"]
[BlackElo "2011"]
[PlyCount "104"]
[EventDate "2009.05.04"]
[EventCountry "ENG"]
[SourceDate "2008.10.04"]

1. e4 e6 2. d4 d5 3. Nc3 Bb4 4. e5 c5 5. a3 Bxc3+ 6. bxc3 Ne7 7. Qg4 O-O 8. Nf3
Nbc6 9. Bd3 f5 10. exf6 Rxf6 11. Bg5 e5 12. Qg3 Rxf3 13. gxf3 Qa5 14. O-O Nf5
15. Bxf5 Bxf5 16. Bf6 Bg6 17. Bxe5 Qxc3 18. Rfe1 Rf8 19. dxc5 Nxe5 20. Qxe5
Qxf3 21. Qe3 Qg4+ 22. Qg3 Qc4 23. Re7 Qxc2 24. Qe3 Be4 25. Rc1 Qb2 26. Rd1 Rf3
27. Rxe4 Rxe3 28. Rxe3 d4 29. Red3 h6 30. Rxd4 Qxa3 31. Rc4 Qb3 32. Rdc1 a5 33.
R1c3 Qb5 34. c6 bxc6 35. Rxc6 a4 36. R6c5 Qa6 37. Rc6 Qb7 38. Rc7 Qb6 39. R7c6
Qb1+ 40. Rc1 Qe4 41. R6c4 Qg6+ 42. Kh1 Qa6 43. R4c2 Qd3 44. Rc3 Qf5 45. f3 g5
46. Kg2 Qd5 47. h3 Qd2+ 48. Kg3 Kg7 49. R1c2 Qe1+ 50. Kg2 Qa1 51. Rc7+ Kg6 52.
R7c6+ Kg7 1/2-1/2